00458nam a2200181Ia 4500003000400000008004100004040001600045082001300061100001700074245005300091700001600144260003800160300001000198650001500208650001200223650001900235650002200254GCL140319s9999 xx 000 0 eng d aGCL / cGCL04a833bK M1 aKAFKA, FRANZ10aMETAMORPHOSIS AND OTHER STORIES / cKAFKA, FRANZ1 aMUIR, EDWIN a[S.N] : bPENGUIN BOOKS ، c1963 a218 P04aLITERATURE04aFICTION04aGERMAN FICTION04aGERMAN LITERATURE